01419nab a22002777a 4500003000400000005001700004008004100021040000700062100002300069245005500092260007300147300001500220500003800235505041800273505008200691650001800773650002100791650002700812650004000839650002200879650002600901650001300927650002200940650002500962773015400987OSt20251222235605.0190429b xxu||||| |||| 00| 0 spa d cPJ aBumbaca, Agustina 10aViolencia de género en red /cAgustina Bumbaca.  cCiudad Autónoma de Buenos Aires :aThomson Reuters La Ley, b2025. ap. 159-167 aCita: TR LALEY AR/DOC/2848/2025.  aSumario: I. Introducción.— II. Cambio de era, pero no de problemática. Una nueva modalidad de violencia de género.— III. Un conflicto con rasgos universales. Evolución histórica y marco normativo.— IV. Violencia de género digital y su reconocimiento a partir de la "Ley Olimpia".— V. Modalidades de violencia de género digital.— VI. Reflexiones finales.— VII. Bibliografía consultada.  tSi te interesa el texto completo, solicitalo a koha@justierradelfuego.gov.ar  0aDERECHO PENAL 0aDERECHOS HUMANOS 0aDERECHO A LA INTIMIDAD 0aDELITOS CONTRA LA INTEGRIDAD SEXUAL 0aVIOLENCIA DIGITAL 0aVIOLENCIA DE GÉNERO 0aGROOMING 0aTRATA DE PERSONAS 0aIGUALDAD ANTE LA LEY0 02658tRevista de derecho penal y criminología. Nº 11 - Diciembre 2025dCiudad Autónoma de Buenos Aires : Thomson Reuters La Ley, 2017-x00347914